Statistiques concernant finales de Rafael Nadal en Grand Chelem

Cliquez ici pour prendre le quiz!

Statistiques générales

  • Ce quiz a été pris 265 fois
  • Le résultat moyen est 19 sur 22

Statistiques - réponses

LieuxadvesraireScoreAnnée% Correct
Us OpenDjokovic6-4 5-7 6-4 6-22010
100%
Us OpenDjokovic6-2 3-6 6-4 6-12013
100%
Roland-GarrosDjokovic6-0 6-2 7-52020
100%
Roland-GarrosDjokovic3-6 7-5 6-2 6-42014
100%
Roland-GarrosDjokovic6-4 6-3 2-6 7-52012
100%
Roland-GarrosFederer6-3 4-6 6-3 6-42007
100%
Roland-GarrosFederer6-1 6-3 6-02008
100%
WimbedlonFederer6-4 6-4 6-7 6-7 9-72008
100%
Open d'AustralieFederer7-5 3-6 7-6 3-6 6-22009
100%
Roland-GarrosFederer7-5 7-6 5-7 6-12011
100%
Roland-GarrosFederer1-6 6-1 6-4 7-62006
100%
Roland-GarrosWawrinka6-2 6-3 6-12017
87%
Roland-GarrosThiem6-4 6-3 6-22018
86%
Roland-GarrosThiem6-3 5-7 6-1 6-12019
86%
Open d'AustralieMedvedev2-6 6-72022
84%
Us OpenMedvedev-5 6-3 5-7 4-6 6-42019
84%
Roland-GarrosRuud6-3 6-3 6-02022
83%
Roland-GarrosFerrer6-3 6-2 6-32013
77%
Roland-GarrosSoderling6-4 6-2 6-42010
66%
Us OpenAnderson6-3 6-3 6-42017
50%
WimbeldonBerdych6-3 7-5 6-42010
45%
Roland-GarrosPuerta6-7 6-3 6-1 7-52005
43%

Distribution des résultats

Percentile par nombre de réponses

% des personnes avec chaque résultat

Votre développement - résultats

Vous n’avez pas pris ce quiz